Broadband planar antennas : design and applications (Record no. 9779)
[ view plain ]
| 000 -LEADER | |
|---|---|
| fixed length control field | 00648 a2200181 4500 |
| 020 ## - INTERNATIONAL STANDARD BOOK NUMBER | |
| International Standard Book Number | 0470871741 |
| 040 ## - CATALOGING SOURCE | |
| Original cataloging agency | DLC |
| Language of cataloging | DLC |
| 082 00 - DEWEY DECIMAL CLASSIFICATION NUMBER | |
| Classification number | 621.384135 |
| 100 1# - MAIN ENTRY--PERSONAL NAME | |
| Personal name | Chen, Zhi Ning. |
| 245 10 - TITLE STATEMENT | |
| Title | Broadband planar antennas : design and applications |
| Remainder of title | design and applications |
| Statement of responsibility, etc. | Zhi Ning Chen and Michael Y.W. Chia. |
| 260 ## - PUBLICATION, DISTRIBUTION, ETC. | |
| Place of publication, distribution, etc. | Chichester, England ; |
| -- | Hoboken, NJ : |
| Name of publisher, distributor, etc. | John Wiley & Sons, |
| Date of publication, distribution, etc. | c2006. |
| 300 ## - PHYSICAL DESCRIPTION | |
| Extent | xii, 243 p. : |
| Other physical details | ill. ; |
| Dimensions | 25 cm. |
| 650 #0 - SUBJECT ADDED ENTRY--TOPICAL TERM | |
| Topical term or geographic name entry element | Antennas (Electronics) |
| 650 #0 - SUBJECT ADDED ENTRY--TOPICAL TERM | |
| Topical term or geographic name entry element | Microstrip antennas. |
| 650 #0 - SUBJECT ADDED ENTRY--TOPICAL TERM | |
| Topical term or geographic name entry element | Broadband communication systems |
| General subdivision | Equipment and supplies. |
| 700 1# - ADDED ENTRY--PERSONAL NAME | |
| Personal name | Chia, Michael Y. W. |
| 942 ## - ADDED ENTRY ELEMENTS (KOHA) | |
| Koha item type | Book |
| Call number prefix | 621.384135 CHE |
| Source of classification or shelving scheme | |
| Withdrawn status | Lost status | Damaged status | Not for loan | Collection code | Permanent Location | Current Location | Shelving location | Date acquired | Source of acquisition | Cost, normal purchase price | Total Checkouts | Full call number | Barcode | Date last seen | Date last checked out | Price effective from | Koha item type |
|---|---|---|---|---|---|---|---|---|---|---|---|---|---|---|---|---|---|
| Central Library (CL) | Central Library (CL) | General Stacks | 03/13/2006 | A&J DEF Tek Consultant | 7261.60 | 2 | 621.384135 CHE | SEECS007088 | 06/07/2016 | 06/07/2016 | 01/05/2017 | Book |
